| 000 | 00433cam a2200181ua 4500 | ||
|---|---|---|---|
| 041 |
_aeng _h |
||
| 082 |
_a823.301 _bFOR/ST |
||
| 100 | _aForrester, J F . | ||
| 245 |
_aStory of hiawatha / _cJ F Forrester. _hTextual Documents |
||
| 250 |
_a1 / _b. |
||
| 260 |
_a : _bOxford University Press , _c1964. |
||
| 300 | _a68 ; . | ||
| 504 | _a | ||
| 700 | 1 | _aJames, E . | |
| 942 | _cBK | ||
| 999 |
_c2881 _d2881 |
||